Countries With No Airports - Statistics

General Stats
  • This quiz has been taken 73 times
  • The average score is 5 of 5
Answer Stats
Area (mi) Country % Correct
0.78 Monaco
100%
23.6 San Marino
98%
61.0 Liechtenstein
97%
0.17 Vatican City
97%
180.6 Andorra
92%
No matching quizzes found
Score Distribution
Percent of People with Each Score
Percentile by Number Answered
Your Score History
You have not taken this quiz